Central Library OPAC University of Rajshahi

The magic of molecules / (Record no. 70472)

MARC details
000 -LEADER
fixed length control field 00731nam a2200229 a 4500
001 - CONTROL NUMBER
control field 70472
003 - CONTROL NUMBER IDENTIFIER
rucl marc code BD-RjUL
005 - DATE AND TIME OF LATEST TRANSACTION
control field 20211209082015.0
008 - FIXED-LENGTH DATA ELEMENTS--GENERAL INFORMATION
fixed length control field 170417s1964 enka 001 0 eng
035 ## - SYSTEM CONTROL NUMBER
System control number (BD-RjUL)70686
040 ## - CATALOGING SOURCE
Original cataloging agency DLC/ICU
Transcribing agency ICU
Modifying agency DLC
-- BD-RjUL
Language of cataloging eng
041 1# - LANGUAGE CODE
Language code of text/sound track or separate title engger
082 00 - DEWEY DECIMAL CLASSIFICATION NUMBER
Classification number 541.22
Edition number 23
Author mark and year FRM 1964
100 1# - MAIN ENTRY--PERSONAL NAME
Personal name Franke, Herbert W.,
Dates associated with a name 1927-
9 (RLIN) 208624
245 14 - TITLE STATEMENT
Title The magic of molecules /
Statement of responsibility, etc. Herbert W. Franke. Translated from the German by H.F. Brookes.
260 ## - PUBLICATION, DISTRIBUTION, ETC. (IMPRINT)
Place of publication, distribution, etc. New York :
Name of publisher, distributor, etc. Abelard-Schuman,
Date of publication, distribution, etc. 1964
300 ## - PHYSICAL DESCRIPTION
Pagination 275 p. :
Illustrations ill. ;
Size 24 cm.
650 #0 - SUBJECT ADDED ENTRY--TOPICAL TERM
Topical term or geographic name as entry element Chemistry,
General subdivision Physical and theoretical.
9 (RLIN) 146965
Topical term or geographic name as entry element Molecules.
9 (RLIN) 208625
Topical term or geographic name as entry element Matter
General subdivision Constitution.
9 (RLIN) 124142
942 ## - ADDED ENTRY ELEMENTS (KOHA)
Source of classification or shelving scheme Dewey Decimal Classification
Koha item type Books
Holdings
Lost status Source of classification or shelving scheme Damaged status Not for loan Collection code Permanent Location Current Location Shelving location Date acquired Source of acquisition Total Checkouts Full call number Date last seen Copy number Koha item type
  Dewey Decimal Classification   Not For Loan Non-fiction Central Library, University of Rajshahi Central Library, University of Rajshahi Reading Room 25/06/1966 Asia Foundation   541.22 FRM 1964 17/04/2017 C-1 Books